| 000 | 00830na a2200241 4500 | ||
|---|---|---|---|
| 001 | 17850 | ||
| 003 | MIRAKIL | ||
| 005 | 20181213154734.0 | ||
| 008 | 161107b tu 000 0 | ||
| 020 | _a9789756728710 | ||
| 040 |
_aMilas _btur _cTR-AnCHP |
||
| 041 | _atur | ||
| 082 |
_a349.56 _bT66 2011 |
||
| 090 | _a349.56 T66 2011 | ||
| 111 |
_aTorba Yasa ile Getirilen Yeni Düzenlemeler Semineri _cİstanbul _d2011 |
||
| 245 |
_aTorba yasa ile getirilen yeni düzenlemeler semineri, 8 Şubat 2011 _cTürkiye İşveren Sendikaları Konfederasyonu |
||
| 260 |
_aİstanbul _bTİSK _c2011 |
||
| 300 |
_a140 s. _bres. _c23 sm. |
||
| 490 |
_aTürkiye İşveren Sendikaları Konfederasyonu _v311 |
||
| 650 |
_aYasalar _xTorba yasalar _yTürkiye |
||
| 710 | _aTürkiye İşveren Sendikaları Konfederasyonu (TİSK) | ||
| 942 |
_2ddc _cBKS |
||
| 999 |
_c125 _d125 |
||